000 00516nam a22001697a 4500
999 _c9267
_d9267
008 210401b ||||| |||| 00| 0 eng d
040 _aBMS College of Architecture
100 _aShaikh, Anwar, Firdous
245 _aScience centre for Children Bangalore
300 _a33p.
500 _a1BM00AT007
502 _8B.Arch
_NBMS College of Architecture, Visvesvaraya Technological University
_aProject report
_d2004
650 _aChildren
700 _aJaisim
_eGuide
700 _aBhooshan
_eGuide
942 _2ddc
_cTHE